Central Library OPAC University of Rajshahi

Canada : (Record no. 22269)

MARC details
000 -LEADER
fixed length control field 00973cam a22002772 4500
001 - CONTROL NUMBER
control field 22269
003 - CONTROL NUMBER IDENTIFIER
rucl marc code BD-RjUL
005 - DATE AND TIME OF LATEST TRANSACTION
control field 20211209000804.0
008 - FIXED-LENGTH DATA ELEMENTS--GENERAL INFORMATION
fixed length control field 140308s1950 enk 000 0 eng d
035 ## - SYSTEM CONTROL NUMBER
System control number (BD-RjUL)22334
-- OCLC ocm00480748 from D970114M
040 ## - CATALOGING SOURCE
Original cataloging agency WSU
Transcribing agency WSU
Modifying agency OCL
-- UKM
-- EQO
-- BD-RjUL
Language of cataloging eng
041 ## - LANGUAGE CODE
Language code of text/sound track or separate title eng
082 04 - DEWEY DECIMAL CLASSIFICATION NUMBER
Classification number 917.1
Edition number 18
Author mark and year TAC 1950
100 1# - MAIN ENTRY--PERSONAL NAME
Personal name Taylor, Thomas Griffith,
Dates associated with a name 1880-1963.
9 (RLIN) 67891
245 10 - TITLE STATEMENT
Title Canada :
Remainder of title a study of cool contenental environments and their effect on britsh abd french setlement /
Statement of responsibility, etc. Thomas Griffith Taylor.
250 ## - EDITION STATEMENT
Edition statement 2d ed., rev.
260 ## - PUBLICATION, DISTRIBUTION, ETC. (IMPRINT)
Place of publication, distribution, etc. London :
Name of publisher, distributor, etc. Methuen ;
Place of publication, distribution, etc. New York :
Name of publisher, distributor, etc. Dutton,
Date of publication, distribution, etc. 1950.
300 ## - PHYSICAL DESCRIPTION
Pagination 526 p. ;
Size 24 cm.
490 1# - SERIES STATEMENT
Series statement Methuen's advanced geographies
650 #0 - SUBJECT ADDED ENTRY--TOPICAL TERM
Topical term or geographic name as entry element Human geography
Geographic subdivision Canada.
9 (RLIN) 68746
Topical term or geographic name as entry element Industries
Geographic subdivision Canada.
9 (RLIN) 44574
651 #0 - SUBJECT ADDED ENTRY--GEOGRAPHIC NAME
Geographic name Canada
General subdivision Description and travel.
9 (RLIN) 68747
830 #0 - SERIES ADDED ENTRY--UNIFORM TITLE
Uniform title Methuen's advanced geographies
942 ## - ADDED ENTRY ELEMENTS (KOHA)
Source of classification or shelving scheme Dewey Decimal Classification
Koha item type Books
Holdings
Lost status Source of classification or shelving scheme Damaged status Not for loan Collection code Permanent Location Current Location Shelving location Date acquired Source of acquisition Cost, normal purchase price Total Checkouts Full call number Date last seen Copy number Koha item type
  Dewey Decimal Classification   Added to bundle Non-fiction Central Library, University of Rajshahi Central Library, University of Rajshahi Reading Room 11/10/1955 Allies books 18.50   917.1 TAC 1950 08/03/2014 C-1 Books